| 000 | 00511 a2200181 4500 | ||
|---|---|---|---|
| 005 | 20240501151753.0 | ||
| 010 | _aENG-140256 | ||
| 020 |
_a9788195819904 _c200.00 |
||
| 035 | _aEN-123788 | ||
| 037 | _bDBAD | ||
| 082 | 1 | 4 | _a881 |
| 100 | 1 |
_aSharmishtha _965372 |
|
| 245 | 1 |
_aResurrection/ _cBy Sharmishtha |
|
| 260 |
_aKolkata _bWriters Workshop _c2023 |
||
| 270 |
_a162/42, Lake Gardens, _bCalcutta - 700 045 _cWest Bengal |
||
| 300 |
_a68p. _c22cm(Hb) |
||
| 942 |
_adpl _cEN _2ddc _h881 _mSHA |
||
| 999 |
_c202485 _d202485 |
||